| 000 | 00456nam a2200181Ia 4500 | ||
|---|---|---|---|
| 001 | 4332 | ||
| 005 | 20260306145748.0 | ||
| 008 | 260306t2012||||xx |||||||||||||| ||spa|| | ||
| 041 | _aESP | ||
| 082 |
_a320.96 _bA59 |
||
| 100 |
_aAnderson, Jon Lee _eAUT |
||
| 245 | 0 |
_aLa herencia colonial y otras maldiciones: _bcrónicas de África |
|
| 260 | _c2012 | ||
| 300 |
_a293 páginas : _c23 cm. |
||
| 650 | _aGEN | ||
| 654 | _aCDE | ||
| 942 |
_cLIB _dJUS _fJUS _2ddc _n |
||
| 999 |
_c4332 _d4332 |
||